La lógica del terror (Record no. 19209)

MARC details
000 -LEADER
campo de control de longitud fija 01184nam a2200337 i 4500
001 - NÚMERO DE CONTROL
campo de control 19209
003 - IDENTIFICADOR DE NÚMERO DE CONTROL
campo de control ES-MaACL
005 - FECHA Y HORA DE LA ÚLTIMA TRANSACCIÓN
campo de control 20240222151021.0
007 - CAMPO FIJO DE DESCRIPCIÓN FÍSICA--INFORMACIÓN GENERAL
campo de control de longitud fija t|
008 - DATOS DE LONGITUD FIJA--INFORMACIÓN GENERAL
campo de control de longitud fija 020612s2001 sp ||||1| spa d
020 ## - NÚMERO INTERNACIONAL ESTÁNDAR DEL LIBRO
Número Internacional Estándar del Libro 84-8432-276-9
080 ## - NÚMERO DE LA CLASIFICACIÓN DECIMAL UNIVERSAL
Número de la Clasificación Decimal Universal 929 Stalin, Iosif Vissarionovich
080 ## - NÚMERO DE LA CLASIFICACIÓN DECIMAL UNIVERSAL
Número de la Clasificación Decimal Universal 329(47+57)
080 ## - NÚMERO DE LA CLASIFICACIÓN DECIMAL UNIVERSAL
Número de la Clasificación Decimal Universal 94(47+57)"1925/53"
100 1# - ENTRADA PRINCIPAL--NOMBRE DE PERSONA
Nombre de persona Getty, J. Arch.
9 (RLIN) 56537
245 13 - MENCIÓN DEL TÍTULO
Título La lógica del terror
Resto del título : Stalin y la autodestrucción de los bolcheviques, 1932-1939 /
Mención de responsabilidad, etc. J. Arch Getty, Oleg V. Naumov ; traducción castellana de Santiago Jordán.
260 ## - PUBLICACIÓN, DISTRIBUCIÓN, ETC.
Lugar de publicación, distribución, etc. Barcelona :
Nombre del editor, distribuidor, etc. Crítica,
Fecha de publicación, distribución, etc. [2001]
300 ## - DESCRIPCIÓN FÍSICA
Extensión 536 p. ;
Dimensiones 24 cm.
490 1# - MENCIÓN DE SERIE
Mención de serie Memoria crítica
504 ## - NOTA DE BIBLIOGRAFÍA, ETC.
Nota de bibliografía, etc. Bibliografía: p. [479]-499.
600 14 - PUNTO DE ACCESO ADICIONAL DE MATERIA--NOMBRE DE PERSONA
Nombre de persona Stalin, Iosif Vissarionovich,
Fechas asociadas al nombre 1879-1953
9 (RLIN) 107862
610 17 - PUNTO DE ACCESO ADICIONAL DE MATERIA--NOMBRE DE ENTIDAD CORPORATIVA
Nombre de entidad corporativa o nombre de jurisdicción como elemento de entrada Kommunisticheskaia partiia Sovetskogo Soiuza.
9 (RLIN) 5439
651 #4 - PUNTO DE ACCESO ADICIONAL DE MATERIA--NOMBRE GEOGRÁFICO
Nombre geográfico URSS-
Subdivisión general Historia-
Subdivisión cronológica 1925-1953.
9 (RLIN) 9472
700 1# - ENTRADA AGREGADA--NOMBRE PERSONAL
Nombre de persona Naumov, Oleg V.
9 (RLIN) 85013
700 1# - ENTRADA AGREGADA--NOMBRE PERSONAL
Nombre de persona Jordán Sempere, Santiago.
9 (RLIN) 66926
830 0# - PUNTO DE ACCESO ADICIONAL DE SERIE-TÍTULO UNIFORME
Título uniforme Memoria crítica
9 (RLIN) 122959
852 ## - LOCALIZACIÓN
Ubicación ES-MaACL
Número de control de estantería L-25643
Sublocalización o colección R.130829
852 ## - LOCALIZACIÓN
Ubicación ES-MaACL
Número de control de estantería L-25959
Sublocalización o colección R.131290
942 ## - ELEMENTOS DE ENTRADA SECUNDARIOS (KOHA)
Fuente del sistema de clasificación o colocación Clasificación decimal universal
Holdings
Estatus retirado Estado de pérdida Estado de daño No para préstamo Biblioteca de origen Biblioteca actual Ubicación en estantería Fecha de adquisición Fuente de adquisición Total de préstamos Signatura topográfica completa Código de barras Visto por última vez Precio de reemplazo Tipo de ítem Koha
        Biblioteca del Ateneo de Madrid Biblioteca del Ateneo de Madrid Depósito 2 17/01/2008     L-25959 1019655 23/02/2023 23/02/2023 Libro impreso
        Biblioteca del Ateneo de Madrid Biblioteca del Ateneo de Madrid Depósito 2 17/01/2008     L-25643 1019654 23/02/2023 23/02/2023 Libro impreso